| 000 | 00377nam a22001337a 4500 | ||
|---|---|---|---|
| 020 | _a978-81-288-3806-4 | ||
| 082 |
_a823 _bHOP/9 |
||
| 100 | _aHOPE, ANTHONY | ||
| 245 |
_aTHE PRISONER OF ZENDA _bILLUSTRATED WORLD CLASSICS |
||
| 246 |
_aTHE PRISONER OF ZENDA _bILLUSTRATED WORLD CLASSICS |
||
| 260 |
_aNEW DELHI _bDIAMOND POCKET BOOKS (P) LTD _c2012 |
||
| 300 | _a127 | ||
| 942 | _cBK | ||
| 999 |
_c2823 _d2823 |
||